[Event "Europa ch 2014"]
[Site "Yerevan ARM"]
[Date "2014.03.03"]
[Round "1.48"]
[White "Fedoseev, Vladimir3"]
[Black "Birnboim, Nathan"]
[Result "1-0"]
[WhiteElo "2641"]
[BlackElo "2353"]
[PlyCount "63"]
[EventDate "2014.03.03"]
[EventType "swiss"]
[EventRounds "11"]
[EventCountry "ARM"]
[Source "lmi"]
[SourceDate "2014.03.02"]

1. e4 e5 2. Nf3 Nc6 3. d4 exd4 4. Nxd4 Nge7 5. Bf4 Nxd4 6. Qxd4 Nc6 7. Qe3 Bb4+
8. c3 Ba5 9. Nd2 O-O 10. Nc4 Bb6 11. Qg3 d6 12. Bd3 Be6 13. Bh6 Qf6 14. Nxb6
axb6 15. Bg5 Qg6 16. e5 Bf5 17. Bxf5 Qxf5 18. exd6 Rxa2 19. O-O Rxa1 20. Rxa1
cxd6 21. Be3 Qc2 22. Rc1 Qxb2 23. Bh6 g6 24. Re1 Ra8 25. Qe3 Ne5 26. f4 Ra2 27.
Qg3 Qd2 28. h3 Ra8 29. Qh4 Nf3+ 30. gxf3 f6 31. Qf2 Qxc3 32. Qe2 1-0

[Event "Europa ch 2014"]
[Site "Yerevan ARM"]
[Date "2014.03.03"]
[Round "1.49"]
[White "Pavlidis, Anastasios"]
[Black "Oleksienko, Mikhailo"]
[Result "1/2-1/2"]
[WhiteElo "2340"]
[BlackElo "2640"]
[PlyCount "90"]
[EventDate "2014.03.03"]
[EventType "swiss"]
[EventRounds "11"]
[EventCountry "ARM"]
[Source "lmi"]
[SourceDate "2014.03.02"]

1. d4 d5 2. c4 c6 3. Nf3 Nf6 4. Nc3 dxc4 5. a4 Bf5 6. Ne5 Nbd7 7. Nxc4 Nb6 8.
Ne5 a5 9. g3 e6 10. Bg2 Bb4 11. O-O O-O 12. e3 h6 13. Qe2 Bh7 14. Rd1 Nbd7 15.
Nc4 Nd5 16. Bd2 Be7 17. e4 Nb4 18. Be3 Bg5 19. Rac1 Bxe3 20. Qxe3 Nb6 21. Qe2
Re8 22. Rd2 Bg6 23. Ne5 Bh7 24. Nc4 Nxc4 25. Qxc4 Qb6 26. e5 Red8 27. Be4 Bxe4
28. Nxe4 Nd5 29. Nd6 Rd7 30. Rd3 Qa6 31. Rb3 Qxc4 32. Rxc4 Nb4 33. Rc5 f5 34.
Nc4 Rxd4 35. Rxa5 Ra6 36. Rxa6 Nxa6 37. Nd6 Nc5 38. Rb6 Nxa4 39. Rxb7 Rd1+ 40.
Kg2 Rd2 41. b4 Nb2 42. Re7 Nd3 43. Rxe6 Re2 44. Kg1 Ra2 45. Re8+ Kh7 1/2-1/2

[Event "Europa ch 2014"]
[Site "Yerevan ARM"]
[Date "2014.03.03"]
[Round "1.50"]
[White "Petrosian, Tigran L"]
[Black "Musalov, Ruslan"]
[Result "1-0"]
[WhiteElo "2639"]
[BlackElo "2340"]
[PlyCount "103"]
[EventDate "2014.03.03"]
[EventType "swiss"]
[EventRounds "11"]
[EventCountry "ARM"]
[Source "lmi"]
[SourceDate "2014.03.02"]

1. Nf3 c5 2. e4 Nc6 3. Nc3 e5 4. Bc4 g6 5. d3 h6 6. Nd2 Bg7 7. Nf1 Nge7 8. h4
a6 9. a4 d6 10. Ne3 Rb8 11. h5 g5 12. g4 Nd4 13. Ncd5 b5 14. axb5 axb5 15. Nxe7
Qxe7 16. Bd5 Qc7 17. c3 Ne6 18. Nf5 O-O 19. O-O Kh7 20. Ra2 Bf6 21. Qf3 Nf4 22.
Bxf4 gxf4 23. Rfa1 Bb7 24. Ra7 Rfd8 25. R1a6 Rd7 26. Bxb7 Rxb7 27. Ra8 Bg5 28.
Qd1 d5 29. exd5 Rxd5 30. Qe2 e4 31. dxe4 Qe5 32. R6a7 Rbd7 33. Rxd7 Rxd7 34.
Ra5 b4 35. cxb4 f3 36. Qxf3 Qxb2 37. Ng3 Kg7 38. Rxc5 Qxb4 39. Rxg5+ hxg5 40.
h6+ Kf8 41. h7 Qb2 42. Qa3+ Qxa3 43. h8=Q+ Ke7 44. Nf5+ Ke6 45. Qe8+ Re7 46.
Qc6+ Ke5 47. Qd5+ Kf6 48. Qd4+ Re5 49. Qd8+ Re7 50. Kg2 Qb4 51. e5+ Ke6 52.
Nd4+ 1-0

[Event "Europa ch 2014"]
[Site "Yerevan ARM"]
[Date "2014.03.03"]
[Round "1.51"]
[White "Salomon, Johan"]
[Black "Postny, Evgeny"]
[Result "1/2-1/2"]
[WhiteElo "2340"]
[BlackElo "2635"]
[PlyCount "95"]
[EventDate "2014.03.03"]
[EventType "swiss"]
[EventRounds "11"]
[EventCountry "ARM"]
[Source "lmi"]
[SourceDate "2014.03.02"]

1. Nf3 Nf6 2. c4 b6 3. g3 c5 4. Bg2 Bb7 5. O-O g6 6. d4 cxd4 7. Qxd4 Bg7 8. Nc3
d6 9. Rd1 O-O 10. Qh4 Nbd7 11. Bg5 Rc8 12. Rac1 a6 13. b3 Rc5 14. b4 Rc7 15.
Nd5 Nxd5 16. cxd5 Nf6 17. e4 b5 18. Nd4 Rc4 19. Rxc4 bxc4 20. Nc6 Bxc6 21. dxc6
h6 22. Bxh6 Bxh6 23. Qxh6 Ng4 24. Qd2 Qb6 25. Qd4 Qxb4 26. c7 Ne5 27. Rc1 Rc8
28. f4 Nc6 29. Qxc4 Qb6+ 30. Kh1 Nd4 31. f5 g5 32. a4 Nb3 33. Rb1 Rxc7 34. Rxb3
Rxc4 35. Rxb6 Rc1+ 36. Bf1 Rxf1+ 37. Kg2 Ra1 38. f6 e6 39. Rxa6 g4 40. Rxd6
Ra2+ 41. Kg1 Rxa4 42. Rd8+ Kh7 43. Rf8 Kg6 44. Rg8+ Kxf6 45. Rxg4 Ke5 46. Rg5+
Kf6 47. Rg4 Ke5 48. Rg5+ 1/2-1/2

[Event "Europa ch 2014"]
[Site "Yerevan ARM"]
[Date "2014.03.03"]
[Round "1.52"]
[White "Ivanisevic, Ivan"]
[Black "Ramazian, Arshak"]
[Result "1/2-1/2"]
[WhiteElo "2633"]
[BlackElo "2336"]
[PlyCount "96"]
[EventDate "2014.03.03"]
[EventType "swiss"]
[EventRounds "11"]
[EventCountry "ARM"]
[Source "lmi"]
[SourceDate "2014.03.02"]

1. d4 d5 2. c4 e6 3. g3 Nf6 4. Bg2 Be7 5. Nf3 O-O 6. Qc2 dxc4 7. Nbd2 c5 8.
dxc5 Na6 9. O-O Nxc5 10. Nxc4 Bd7 11. Nfe5 Rc8 12. Nxd7 Qxd7 13. Rd1 Qb5 14. b3
Qa6 15. Bf4 Nd5 16. Bxd5 exd5 17. Rxd5 Nxb3 18. Qxb3 Rxc4 19. Rd7 Bf6 20. Rad1
Rc3 21. Qxb7 Qxa2 22. Bd6 Re8 23. Be7 Bxe7 24. Rxe7 Rcc8 25. Rdd7 Rb8 26. Kg2
h5 27. Qc7 Rbc8 28. Qe5 Rxe7 29. Rxe7 g6 30. f4 Qa6 31. f5 Qc6+ 32. Kh3 a6 33.
e4 Rf8 34. Kh4 Qb6 35. h3 gxf5 36. Qxf5 Qg6 37. Ra7 Re8 38. Qxg6+ fxg6 39. Kg5
Re6 40. Kf4 Kf8 41. g4 hxg4 42. hxg4 Kg8 43. Ke3 Rb6 44. Kd4 Kf8 45. e5 Ke8 46.
Kc4 Rb5 47. e6 Re5 48. Rxa6 Ke7 1/2-1/2

[Event "Europa ch 2014"]
[Site "Yerevan ARM"]
[Date "2014.03.03"]
[Round "1.53"]
[White "Petrosyan, Manuel"]
[Black "Najer, Evgeniy"]
[Result "0-1"]
[WhiteElo "2336"]
[BlackElo "2633"]
[PlyCount "52"]
[EventDate "2014.03.03"]
[EventType "swiss"]
[EventRounds "11"]
[EventCountry "ARM"]
[Source "lmi"]
[SourceDate "2014.03.02"]

1. d4 d5 2. c4 c6 3. cxd5 cxd5 4. Bf4 Nc6 5. e3 Nf6 6. Nc3 Bg4 7. f3 Bd7 8. Bd3
g6 9. g4 Bg7 10. Nge2 O-O 11. h4 Re8 12. Be5 h5 13. Bxf6 Bxf6 14. gxh5 e5 15.
hxg6 exd4 16. Nxd5 Qa5+ 17. Nec3 Bg7 18. gxf7+ Kxf7 19. Bc4 Be6 20. Qb3 dxc3
21. bxc3 Ne5 22. Qxb7+ Kf8 23. Rg1 Bf7 24. Kf2 Rab8 25. Qc7 Rb2+ 26. Kg3 Nxc4
0-1

[Event "Europa ch 2014"]
[Site "Yerevan ARM"]
[Date "2014.03.03"]
[Round "1.54"]
[White "Swiercz, Dariusz"]
[Black "Morchiashvili, Bachana"]
[Result "1-0"]
[WhiteElo "2631"]
[BlackElo "2335"]
[PlyCount "87"]
[EventDate "2014.03.03"]
[EventType "swiss"]
[EventRounds "11"]
[EventCountry "ARM"]
[Source "lmi"]
[SourceDate "2014.03.02"]

1. d4 Nf6 2. c4 g6 3. Nc3 Bg7 4. e4 d6 5. Be2 O-O 6. Nf3 e5 7. O-O Nc6 8. d5
Ne7 9. b4 Nh5 10. g3 f5 11. Ng5 Nf6 12. Bf3 c6 13. Bg2 cxd5 14. cxd5 h6 15. Ne6
Bxe6 16. dxe6 fxe4 17. b5 d5 18. Ba3 Re8 19. Qb3 Qb6 20. Bxe7 Rxe7 21. Nxd5
Nxd5 22. Qxd5 Rd8 23. Qb3 Rd3 24. Qc2 Qxe6 25. Bxe4 Rd6 26. Rad1 Kh7 27. Rxd6
Qxd6 28. Rd1 Qb6 29. Rd5 Rf7 30. a4 Qf6 31. h4 h5 32. Kg2 Bf8 33. f3 b6 34. Qc3
Bd6 35. Qc6 Be7 36. Rxe5 Kg7 37. Re6 Qb2+ 38. Bc2 Bc5 39. Rxg6+ Kh7 40. Rh6+
Kg8 41. Qe8+ Bf8 42. Rg6+ Kh8 43. Qxf7 Qxc2+ 44. Kh3 1-0

[Event "Europa ch 2014"]
[Site "Yerevan ARM"]
[Date "2014.03.03"]
[Round "1.55"]
[White "Rozhko, Dmitry"]
[Black "Kovalenko, Igor"]
[Result "0-1"]
[WhiteElo "2335"]
[BlackElo "2626"]
[PlyCount "82"]
[EventDate "2014.03.03"]
[EventType "swiss"]
[EventRounds "11"]
[EventCountry "ARM"]
[Source "lmi"]
[SourceDate "2014.03.02"]

1. d4 Nf6 2. c3 d6 3. Nf3 Bg4 4. Qb3 Qc8 5. h3 Bxf3 6. exf3 e6 7. Bd3 d5 8. O-O
Bd6 9. Qa4+ Nbd7 10. b4 O-O 11. f4 c6 12. Qc2 Qc7 13. g3 a5 14. bxa5 Rxa5 15.
Nd2 Rfa8 16. c4 g6 17. Nf3 Bf8 18. Bd2 Ra3 19. c5 b6 20. Bb4 bxc5 21. Bxa3 Rxa3
22. dxc5 Nxc5 23. Ne5 Nfd7 24. Nxd7 Qxd7 25. Rfd1 Qa7 26. Rd2 Bg7 27. Rc1 Bc3
28. Qxc3 Rxc3 29. Rxc3 Qa5 30. Rdc2 Nxd3 31. Rxd3 c5 32. Re3 c4 33. g4 d4 34.
Re5 Qb4 35. Rc1 d3 36. Re4 d2 37. Rd1 Qb5 38. Re3 Qb2 39. Kf1 c3 40. Ke2 c2 41.
Rxd2 Qb5+ 0-1

[Event "Europa ch 2014"]
[Site "Yerevan ARM"]
[Date "2014.03.03"]
[Round "1.56"]
[White "Potkin, Vladimir"]
[Black "Vardanian, Haik G"]
[Result "1-0"]
[WhiteElo "2625"]
[BlackElo "2327"]
[PlyCount "66"]
[EventDate "2014.03.03"]
[EventType "swiss"]
[EventRounds "11"]
[EventCountry "ARM"]
[Source "lmi"]
[SourceDate "2014.03.02"]

1. d4 d5 2. c4 c6 3. Nf3 Nf6 4. Nc3 a6 5. e3 b5 6. b3 Bg4 7. Be2 e6 8. h3 Bf5
9. O-O Nbd7 10. Bb2 Bd6 11. Nh4 b4 12. Nxf5 exf5 13. Na4 Ne4 14. a3 Qf6 15. Qc2
bxa3 16. Bxa3 O-O 17. Bxd6 Qxd6 18. Nc3 a5 19. Ra4 Ndf6 20. Nxe4 dxe4 21. Qc3
f4 22. Rxa5 Rxa5 23. Qxa5 fxe3 24. fxe3 Qg3 25. Qd2 Ra8 26. Rb1 h5 27. Bd1 Ra3
28. Qf2 Qg5 29. Qf4 Qxf4 30. exf4 Ra2 31. b4 Rd2 32. Ba4 Rxd4 33. Rc1 Rd6 1-0

[Event "Europa ch 2014"]
[Site "Yerevan ARM"]
[Date "2014.03.03"]
[Round "1.57"]
[White "Kursova, Maria"]
[Black "Artemiev, Vladislav"]
[Result "0-1"]
[WhiteElo "2326"]
[BlackElo "2621"]
[PlyCount "78"]
[EventDate "2014.03.03"]
[EventType "swiss"]
[EventRounds "11"]
[EventCountry "ARM"]
[Source "lmi"]
[SourceDate "2014.03.02"]

1. d4 Nf6 2. Nf3 g6 3. c4 Bg7 4. g3 d5 5. cxd5 Nxd5 6. Bg2 Nb6 7. O-O Nc6 8. e3
O-O 9. Nc3 Re8 10. h3 a5 11. d5 Nb4 12. e4 c6 13. a3 Na6 14. Be3 cxd5 15. exd5
Bxc3 16. bxc3 Nxd5 17. Bd4 Nac7 18. Qc1 Ne6 19. Rd1 Qc7 20. Be5 Qc5 21. Qh6 f6
22. Nh4 Ne3 23. Qxe3 Qxe3 24. fxe3 fxe5 25. Rd5 Ng5 26. g4 Nf7 27. Nf3 Be6 28.
Rb5 e4 29. Nd2 Nd6 30. Re5 Bf7 31. Kf2 Rac8 32. Nxe4 Nc4 33. Rc5 b6 34. Rxc8
Rxc8 35. Ke2 Rd8 36. Bf1 Kg7 37. Rb1 Nxa3 38. Rxb6 Bc4+ 39. Ke1 Nc2+ 0-1

[Event "Europa ch 2014"]
[Site "Yerevan ARM"]
[Date "2014.03.03"]
[Round "1.59"]
[White "Galojan, Lilit"]
[Black "Perunovic, Milos"]
[Result "0-1"]
[WhiteElo "2317"]
[BlackElo "2617"]
[PlyCount "80"]
[EventDate "2014.03.03"]
[EventType "swiss"]
[EventRounds "11"]
[EventCountry "ARM"]
[Source "lmi"]
[SourceDate "2014.03.02"]

1. Nf3 d5 2. c4 d4 3. g3 Nc6 4. Bg2 e5 5. d3 Bb4+ 6. Bd2 a5 7. O-O Nf6 8. a3
Be7 9. Bg5 O-O 10. Nbd2 Nd7 11. Bxe7 Qxe7 12. Ne1 Nc5 13. Nc2 Bg4 14. h3 Bh5
15. f3 f5 16. b4 Na4 17. b5 Nd8 18. e4 Ne6 19. exf5 Nec5 20. Ne4 Nxe4 21. dxe4
Nb2 22. Qc1 Nxc4 23. Rf2 Bf7 24. Bf1 Nd6 25. Ne1 Rac8 26. Rc2 g6 27. Bd3 Bb3
28. Rc5 gxf5 29. exf5 Nxf5 30. Bxf5 Rxf5 31. b6 c6 32. Rb1 a4 33. Rb2 Rcf8 34.
Re2 Bd5 35. g4 Rf4 36. Rxd5 cxd5 37. Nd3 Rxf3 38. Rxe5 Rf1+ 39. Qxf1 Rxf1+ 40.
Kxf1 Qxa3 0-1

[Event "Europa ch 2014"]
[Site "Yerevan ARM"]
[Date "2014.03.03"]
[Round "1.60"]
[White "Ipatov, Alexander"]
[Black "Aharon, Ofir"]
[Result "1-0"]
[WhiteElo "2614"]
[BlackElo "2316"]
[PlyCount "111"]
[EventDate "2014.03.03"]
[EventType "swiss"]
[EventRounds "11"]
[EventCountry "ARM"]
[Source "lmi"]
[SourceDate "2014.03.02"]

1. d4 Nf6 2. Bg5 Ne4 3. Bf4 c5 4. f3 Nf6 5. d5 Nh5 6. Be3 e5 7. Bf2 d6 8. g4
Nf4 9. h4 h5 10. g5 Qb6 11. b3 Qa5+ 12. c3 Bf5 13. Qd2 Na6 14. e3 Ng6 15. Ne2
Be7 16. Ng3 Bd7 17. Bd3 O-O-O 18. c4 Qxd2+ 19. Nxd2 Rdf8 20. Ke2 Kc7 21. a3 Bd8
22. Nf5 Bxf5 23. Bxf5 Ne7 24. Bc2 Ng6 25. Rab1 Rhg8 26. Ne4 Be7 27. b4 Rc8 28.
Rb2 b6 29. Ba4 Nf8 30. Nc3 f5 31. gxf6 gxf6 32. Bc2 Kb7 33. Bf5 Rd8 34. Ne4 Nd7
35. b5 Nc7 36. Rbb1 a6 37. a4 axb5 38. axb5 Nf8 39. Rhg1 Rxg1 40. Rxg1 Ne8 41.
Rg8 Ra8 42. Ng3 Ra2+ 43. Kf1 Ra1+ 44. Kg2 Ra3 45. Be4 Kc7 46. Nf5 Kd8 47. Rh8
Rc3 48. Rxh5 Rxc4 49. Rh8 Rb4 50. h5 c4 51. h6 c3 52. Rxf8 Bxf8 53. h7 Rxe4 54.
fxe4 c2 55. h8=Q c1=Q 56. Qxf8 1-0

[Event "Europa ch 2014"]
[Site "Yerevan ARM"]
[Date "2014.03.03"]
[Round "1.61"]
[White "Alaverdyan, Gevorg"]
[Black "Tregubov, Pavel V"]
[Result "1/2-1/2"]
[WhiteElo "2311"]
[BlackElo "2614"]
[PlyCount "79"]
[EventDate "2014.03.03"]
[EventType "swiss"]
[EventRounds "11"]
[EventCountry "ARM"]
[Source "lmi"]
[SourceDate "2014.03.02"]

1. Nf3 d5 2. d4 c6 3. c4 e6 4. g3 dxc4 5. Bg2 Nf6 6. O-O b5 7. a4 Bb7 8. Ne5 a6
9. b3 cxb3 10. Qxb3 Qxd4 11. Bb2 Qb4 12. Qc2 Qc5 13. Qb3 Be7 14. Rc1 Qb6 15.
axb5 axb5 16. Nc4 Qc7 17. Rxa8 Bxa8 18. Qa2 bxc4 19. Qxa8 O-O 20. Nd2 c5 21.
Nxc4 Nbd7 22. Qa6 Rb8 23. Bc3 Qc8 24. Qa1 Bf8 25. Rd1 h6 26. Bf3 Rb3 27. Na5
Rb6 28. Qa4 Rd6 29. Rxd6 Bxd6 30. Nc4 Bf8 31. Bc6 Nb8 32. Bb5 Nd5 33. Be5 Qb7
34. e4 Nb4 35. Nd6 Qb6 36. Nc4 Qb7 37. Nd6 Qb6 38. Nc4 Qb7 39. Nd6 Qb6 40. Nc4
1/2-1/2

[Event "Europa ch 2014"]
[Site "Yerevan ARM"]
[Date "2014.03.03"]
[Round "1.62"]
[White "Melkumyan, Hrant"]
[Black "Mikaelyan, Arman"]
[Result "1-0"]
[WhiteElo "2613"]
[BlackElo "2291"]
[PlyCount "244"]
[EventDate "2014.03.03"]
[EventType "swiss"]
[EventRounds "11"]
[EventCountry "ARM"]
[Source "lmi"]
[SourceDate "2014.03.02"]

1. d4 d5 2. c4 c6 3. Nf3 Nf6 4. g3 dxc4 5. Bg2 e6 6. Ne5 b5 7. Nxc6 Qb6 8. Na5
Nd5 9. Bd2 Nc6 10. Nxc6 Qxc6 11. O-O Bb7 12. Nc3 Be7 13. e4 Nf6 14. d5 Qd7 15.
dxe6 fxe6 16. Be3 Qc6 17. Ne2 e5 18. Nc3 O-O 19. Nd5 Bc5 20. b3 Nxd5 21. exd5
Qb6 22. Bxc5 Qxc5 23. bxc4 bxc4 24. Qe2 Rae8 25. Rac1 Bxd5 26. Bxd5+ Qxd5 27.
Rxc4 e4 28. Rd1 Qf7 29. Rc3 Re5 30. Re3 h6 31. Rd2 Qe6 32. Rd4 Re8 33. Qc2 Rc8
34. Qd2 Qc6 35. Kg2 Qc2 36. a3 Qxd2 37. Rxd2 Rc7 38. Rd4 Rce7 39. h4 h5 40. Kf1
Kh7 41. Ke2 Ra5 42. a4 Rae5 43. Rc3 Rf5 44. Rc2 Kg6 45. Rd6+ Kh7 46. Rd4 Kg6
47. Rdc4 Rd5 48. Rc5 Rxc5 49. Rxc5 Rb7 50. Ra5 Rd7 51. Ke3 Re7 52. Rg5+ Kh6 53.
Rd5 Kg6 54. Rg5+ Kh6 55. Rf5 Rb7 56. Rd5 g6 57. Kxe4 Rb4+ 58. Rd4 Rb2 59. Ke3
Ra2 60. Re4 a5 61. Rc4 Ra3+ 62. Kf4 Ra2 63. f3 Ra3 64. Re4 Kg7 65. Rc4 Kh6 66.
Re4 Kg7 67. g4 hxg4 68. fxg4 Kh6 69. Ke5 Rh3 70. Kf6 Rf3+ 71. Ke6 Rh3 72. Kf6
Rf3+ 73. Ke6 Rh3 74. g5+ Kh5 75. Kf7 Rf3+ 76. Ke6 Rh3 77. Re5 Rxh4 78. Rxa5 Rb4
79. Kd6 Rf4 80. Kc6 Re4 81. Kd7 Rd4+ 82. Ke7 Rf4 83. Ke6 Re4+ 84. Kf7 Rf4+ 85.
Kg7 Rb4 86. Kh7 Rb7+ 87. Kg8 Rb8+ 88. Kf7 Rb7+ 89. Ke6 Rb6+ 90. Ke7 Rb4 91. Kd6
Rf4 92. Kd7 Re4 93. Kd8 Rd4+ 94. Ke7 Rb4 95. Kd7 Rd4+ 96. Ke6 Rf4 97. Ke7 Rb4
98. Kf8 Rb8+ 99. Kf7 Rb7+ 100. Ke8 Rb8+ 101. Kd7 Rb4 102. Kd8 Rd4+ 103. Kc7 Rf4
104. Kc6 Re4 105. Ra8 Kxg5 106. a5 Ra4 107. a6 Ra1 108. Kb6 Rb1+ 109. Ka7 Kg4
110. Rb8 Ra1 111. Rb4+ Kh3 112. Rb5 Kh4 113. Kb6 g5 114. Ra5 Rb1+ 115. Kc7 Rc1+
116. Kd7 Rd1+ 117. Ke7 Re1+ 118. Kf7 Rf1+ 119. Kg7 Rd1 120. a7 Rd8 121. a8=Q
Rxa8 122. Rxa8 g4 1-0

[Event "Europa ch 2014"]
[Site "Yerevan ARM"]
[Date "2014.03.03"]
[Round "1.63"]
[White "Chudinovskikh, Alexander M"]
[Black "Pashikian, Arman"]
[Result "0-1"]
[WhiteElo "2280"]
[BlackElo "2612"]
[PlyCount "42"]
[EventDate "2014.03.03"]
[EventType "swiss"]
[EventRounds "11"]
[EventCountry "ARM"]
[Source "lmi"]
[SourceDate "2014.03.02"]

1. d4 Nf6 2. Nf3 d5 3. c4 e6 4. Bg5 h6 5. Bxf6 Qxf6 6. Nbd2 Be7 7. Qb3 c5 8. e4
Nc6 9. e5 Qg6 10. dxc5 O-O 11. Rg1 Rd8 12. g4 Bxc5 13. Rg2 dxc4 14. Qxc4 b6 15.
O-O-O Bb7 16. g5 Rac8 17. gxh6 Qxh6 18. Qg4 Bb4 19. Kb1 Bxd2 20. Rxd2 Rxd2 21.
Nxd2 Nxe5 0-1

[Event "Europa ch 2014"]
[Site "Yerevan ARM"]
[Date "2014.03.03"]
[Round "1.64"]
[White "Schlosser, Philipp"]
[Black "Khachatryan, Vahagn"]
[Result "1-0"]
[WhiteElo "2612"]
[BlackElo "2278"]
[PlyCount "107"]
[EventDate "2014.03.03"]
[EventType "swiss"]
[EventRounds "11"]
[EventCountry "ARM"]
[Source "lmi"]
[SourceDate "2014.03.02"]

1. c4 c6 2. Nf3 Nf6 3. Nc3 d5 4. e3 e6 5. b3 Nbd7 6. Bb2 Bd6 7. Qc2 O-O 8. Be2
Qe7 9. O-O b6 10. cxd5 cxd5 11. Nb5 Ba6 12. Nfd4 Bxb5 13. Nxb5 Rfc8 14. Qd1 a6
15. Nxd6 Qxd6 16. a4 Nc5 17. Rc1 a5 18. Bb5 Ncd7 19. f4 Rxc1 20. Qxc1 Qf8 21.
Bd4 Rc8 22. Qb2 Rc7 23. Rc1 Rxc1+ 24. Qxc1 Nc5 25. Qc2 h6 26. Kf1 Qd8 27. g3
Qd6 28. Ke2 Nfd7 29. Bb2 Ne4 30. Qc8+ Nf8 31. d3 Qc5 32. Qxc5 Nxc5 33. Bd4 Nfd7
34. Kd1 f6 35. Kc2 Kf7 36. Bc3 Ke7 37. b4 axb4 38. Bxb4 Kd8 39. Kc3 Kc7 40. g4
g6 41. h3 Kd8 42. f5 gxf5 43. gxf5 exf5 44. Kd4 f4 45. exf4 Ne6+ 46. Kxd5 Nxf4+
47. Kd6 Ne5 48. d4 Nf7+ 49. Kc6 Nxh3 50. Kxb6 Nhg5 51. Bc4 Kc8 52. a5 Nd8 53.
a6 Nge6 54. Bxe6+ 1-0

[Event "Europa ch 2014"]
[Site "Yerevan ARM"]
[Date "2014.03.03"]
[Round "1.65"]
[White "Cherednichenko, Svetlana"]
[Black "Hovhannisyan, Robert"]
[Result "0-1"]
[WhiteElo "2270"]
[BlackElo "2611"]
[PlyCount "60"]
[EventDate "2014.03.03"]
[EventType "swiss"]
[EventRounds "11"]
[EventCountry "ARM"]
[Source "lmi"]
[SourceDate "2014.03.02"]

1. d4 Nf6 2. Nf3 d5 3. e3 c5 4. dxc5 e6 5. a3 Bxc5 6. b4 Be7 7. Bb2 O-O 8. Nbd2
a5 9. b5 Nbd7 10. a4 Nc5 11. Ne5 Nfe4 12. f3 Nd6 13. Bd3 f6 14. Ng4 e5 15. Nf2
Nxd3+ 16. cxd3 Nf5 17. Qe2 Qb6 18. Nd1 Be6 19. d4 exd4 20. exd4 Bb4 21. g4 Nxd4
22. Qd3 Nxf3+ 23. Qxf3 Rfe8 24. Ne3 d4 25. O-O-O dxe3 26. Ne4 Ba2 27. Bxf6 gxf6
28. Nxf6+ Kh8 29. Qf5 Ba3+ 30. Kc2 Qc7+ 0-1

[Event "Europa ch 2014"]
[Site "Yerevan ARM"]
[Date "2014.03.03"]
[Round "1.66"]
[White "Solak, Dragan"]
[Black "Vardanian, Hakob"]
[Result "1/2-1/2"]
[WhiteElo "2610"]
[BlackElo "2270"]
[PlyCount "114"]
[EventDate "2014.03.03"]
[EventType "swiss"]
[EventRounds "11"]
[EventCountry "ARM"]
[Source "lmi"]
[SourceDate "2014.03.02"]

1. e4 c5 2. Nf3 d6 3. Bb5+ Bd7 4. Bxd7+ Qxd7 5. O-O Nc6 6. c3 Nf6 7. Re1 e6 8.
d4 cxd4 9. cxd4 d5 10. e5 Ng8 11. Nbd2 Nge7 12. Nf1 Nc8 13. Ng3 Nb6 14. Nh5
O-O-O 15. Bg5 Be7 16. Rc1 Kb8 17. Bf4 Rhg8 18. Qd3 h6 19. Qh7 Ka8 20. Qb1 Bb4
21. Re2 Qe8 22. a3 Be7 23. Bd2 Rc8 24. Bc3 g6 25. Nf4 g5 26. Nd3 g4 27. Nd2 Nb8
28. f4 gxf3 29. Nxf3 Qb5 30. Bd2 Nc4 31. Be1 Nc6 32. a4 Qb3 33. Qc2 Qxc2 34.
Rcxc2 Rg4 35. Bf2 Rcg8 36. g3 h5 37. Kf1 h4 38. gxh4 Bxh4 39. Nxh4 Nxd4 40. b3
Nxc2 41. Rxc2 Rxh4 42. bxc4 Rxc4 43. Ra2 Rc3 44. Ke2 Rg2 45. h4 Rh2 46. a5 Rc4
47. Ra1 Rcxh4 48. Rg1 Re4+ 49. Kd2 Rh8 50. Rg7 Ra4 51. Rxf7 Rxa5 52. Nf4 b6 53.
Ke2 Ra2+ 54. Kf1 Ra1+ 55. Ke2 Ra2+ 56. Kf3 Ra3+ 57. Ke2 Ra2+ 1/2-1/2

[Event "Europa ch 2014"]
[Site "Yerevan ARM"]
[Date "2014.03.03"]
[Round "1.67"]
[White "Manukyan, Sargis V"]
[Black "Volkov, Sergey"]
[Result "1/2-1/2"]
[WhiteElo "2268"]
[BlackElo "2610"]
[PlyCount "120"]
[EventDate "2014.03.03"]
[EventType "swiss"]
[EventRounds "11"]
[EventCountry "ARM"]
[Source "lmi"]
[SourceDate "2014.03.02"]

1. d4 d5 2. c4 c6 3. Nc3 Nf6 4. Nf3 a6 5. c5 Nbd7 6. Bf4 Nh5 7. Bd2 g6 8. e4
dxe4 9. Nxe4 Ndf6 10. Nxf6+ exf6 11. Bc4 Qe7+ 12. Be2 Be6 13. O-O Qd7 14. Re1
Ng7 15. Bc4 Be7 16. b3 O-O 17. Bh6 Rfe8 18. Bxg7 Kxg7 19. Bxe6 fxe6 20. Qe2 Bd8
21. Qc4 Bc7 22. Re3 Re7 23. Rae1 Rae8 24. h4 Kf7 25. Kf1 Rd8 26. Re4 Qd5 27.
Qc1 Kg7 28. Qe3 Rde8 29. Qc3 h6 30. Qc4 Kf7 31. Qc2 Rd8 32. Qd2 g5 33. Qe2 Bf4
34. hxg5 hxg5 35. g3 f5 36. Ne5+ Kg8 37. Qh5 Rh7 38. Qg6+ Rg7 39. Qh6 fxe4 40.
gxf4 gxf4 41. Rxe4 Rf8 42. f3 Rf5 43. Ke2 a5 44. Nc4 Rfg5 45. Rxf4 R5g6 46. Qh4
Rh7 47. Qf2 a4 48. Re4 Qh5 49. Kd3 Qh3 50. Qe3 Qf1+ 51. Kc3 Rh3 52. Nd2 Qc1+
53. Kb4 Rg2 54. Rg4+ Rxg4 55. Qxe6+ Kf8 56. Qf6+ Kg8 57. Qe6+ Kh8 58. Qc8+ Kh7
59. Qf5+ Kh8 60. Qc8+ Kh7 1/2-1/2

[Event "Europa ch 2014"]
[Site "Yerevan ARM"]
[Date "2014.03.03"]
[Round "1.68"]
[White "Pantsulaia, Levan"]
[Black "Dilanyan, Grigor"]
[Result "1-0"]
[WhiteElo "2606"]
[BlackElo "2266"]
[PlyCount "77"]
[EventDate "2014.03.03"]
[EventType "swiss"]
[EventRounds "11"]
[EventCountry "ARM"]
[Source "lmi"]
[SourceDate "2014.03.02"]

1. Nf3 Nf6 2. g3 c5 3. Bg2 Nc6 4. c4 g6 5. Nc3 Bg7 6. d4 cxd4 7. Nxd4 O-O 8.
O-O Ng4 9. e3 Nge5 10. b3 d6 11. Nde2 Bg4 12. e4 Be6 13. h3 Qa5 14. Bd2 Rac8
15. a3 f5 16. Nd5 Qd8 17. exf5 Bxf5 18. f4 Nd3 19. Bc3 Bxc3 20. Nexc3 e6 21. g4
exd5 22. Bxd5+ Kh8 23. gxf5 Qb6+ 24. Kh2 Nc5 25. b4 Nd7 26. fxg6 Nf6 27. Ra2
hxg6 28. Rg2 Qd4 29. Qe1 Rce8 30. Qh4+ Nh7 31. Nb5 Qd3 32. Rf3 Qd1 33. Rg1 Re2+
34. Rf2 Re1 35. Rxg6 Ne7 36. Rh6 Rf7 37. Rxh7+ Rxh7 38. Qf6+ Rg7 39. Qh6+ 1-0

[Event "Europa ch 2014"]
[Site "Yerevan ARM"]
[Date "2014.03.03"]
[Round "1.69"]
[White "Karatorossian, David"]
[Black "Salgado Lopez, Ivan"]
[Result "0-1"]
[WhiteElo "2262"]
[BlackElo "2605"]
[PlyCount "80"]
[EventDate "2014.03.03"]
[EventType "swiss"]
[EventRounds "11"]
[EventCountry "ARM"]
[Source "lmi"]
[SourceDate "2014.03.02"]

1. e4 c5 2. Nf3 Nc6 3. d4 cxd4 4. Nxd4 Qb6 5. Nb3 Nf6 6. Bd3 e6 7. O-O Qc7 8.
f4 d6 9. N1d2 Be7 10. Nf3 Nb4 11. Qe2 O-O 12. Kh1 b6 13. Bd2 Nxd3 14. cxd3 Ba6
15. Nbd4 Qd7 16. a4 Rfc8 17. b4 Bb7 18. Rfc1 a6 19. Qd1 Qe8 20. Qb3 Bf8 21. Be3
Nd7 22. f5 exf5 23. Nxf5 d5 24. exd5 Nf6 25. Bd4 Rxc1+ 26. Rxc1 Nxd5 27. a5 Rc8
28. Rf1 bxa5 29. bxa5 Ba8 30. Qb2 f6 31. Bxf6 Qd7 32. N5d4 Kh8 33. Re1 Bb4 34.
Rc1 Re8 35. Nc2 Bc3 36. Qb3 Qg4 37. Ncd4 Nf4 38. Rg1 Bxd4 39. Qf7 Rg8 40. h3
Qg3 0-1

[Event "Europa ch 2014"]
[Site "Yerevan ARM"]
[Date "2014.03.03"]
[Round "1.70"]
[White "Fridman, Daniel"]
[Black "Poghosyan, Suren"]
[Result "1-0"]
[WhiteElo "2604"]
[BlackElo "2257"]
[PlyCount "55"]
[EventDate "2014.03.03"]
[EventType "swiss"]
[EventRounds "11"]
[EventCountry "ARM"]
[Source "lmi"]
[SourceDate "2014.03.02"]

1. Nf3 Nf6 2. c4 e6 3. g3 c5 4. Bg2 Be7 5. O-O O-O 6. d4 cxd4 7. Nxd4 a6 8. b3
Qc7 9. Bb2 d6 10. Nc3 Nbd7 11. e4 Rb8 12. Rc1 b6 13. g4 Ne5 14. g5 Ne8 15. f4
Ng6 16. Qh5 d5 17. e5 dxc4 18. Ne4 b5 19. Rc3 f5 20. Rh3 Kf7 21. Nd6+ Bxd6 22.
exd6 Qxd6 23. Nc6 Rb6 24. Rd1 Qxf4 25. Ne5+ Ke7 26. Qxg6 c3 27. Bxc3 Rd6 28.
Qh5 1-0